000 01009nam a2200241 i 4500
001 98811
003 ES-MaACL
005 20230906182404.0
007 t|
008 950919s1884 sp ||||1| spa d
040 _aCAM
_bspa
_cCAM
245 0 0 _aMemoria facultativa sobre los cochevapores /
_credactada por los Ingenieros Excmo. Sr. D. Eduardo Echegaray, Sr. D. Rafael Sunyé, Sr. D. Hermenegildo Gorria ...[et. al.].
260 _aMadrid :
_b[s.n],
_c1884 (
_fTip. Gutenberg)
300 _a46 p. ;
_c27 cm.
505 8 _aPrecede al tít.: Sociedad Fundadora de la Compañía Española de Cochevapores
530 _aDisponible también en sitio web.
650 4 _aAutomóviles de vapor.
_9153432
700 1 _aEchegaray, Eduardo.
_946524
710 2 _aCompañía Española de Cochevapores.
_93118
852 _aES-MaACL
_jT-513-F-3
852 1 _aBA
_jT-781-F-7
856 _uhttp://bibliotecadigitalhispanica.bne.es:80/webclient/DeliveryManager?pid=2915819&custom_att_2=simple_viewer
_zIr a la página
999 _c98811
_d98811